00317nam a2200085Ia 4500008004100000082001800041245007700059260007600136300001900212230907s9999||||xx |||||||||||||| ||und|| a620.1185bIMP 0aImpact behaviour of fibre-reinforced composite materials and structures/ aCRC Press ; | Woodhead Pub.,bBoca Raton : | Cambridge, England :c2000 axiii, 303 p. :